书目信息 |
| 题名: |
批判与知识的增长
|
|
| 作者: | 拉卡托斯 , Lakatos , 马斯格雷夫 , Musgrave 著 ;周寄中 译 | |
| 分册: | ||
| 出版信息: | 北京 华夏出版社 1987.10 |
|
| 页数: | 383页 | |
| 开本: | 20厘米 | |
| 丛书名: | 二十世纪文库 | |
| 单 册: | ||
| 中图分类: | N03 | |
| 科图分类: | ||
| 主题词: | 科学哲学--文集 , 自然科学--科学方法论 | |
| 电子资源: | ||
| ISBN: | 7-80053-046-9 | |
| 000 | 01145nam2 2200337 45 | |
| 001 | 0188003839 | |
| 005 | 20040707090930.7 | |
| 010 | @a7-80053-046-9@dCNY3.00 | |
| 020 | @aCN@b88003839 | |
| 100 | @a19910411d1987 kz y0chiy0120 ea | |
| 101 | 1 | @achi@ceng |
| 102 | @aCN@b110000 | |
| 105 | @ay m 000yy | |
| 106 | @ar | |
| 200 | 10 | @a批判与知识的增长@Api pan yu zhi shi de zeng chang@f(英)拉卡托斯(Lakatos,I.),(英)马斯格雷夫(Musgrave,A.)著@F( ying ) la ka tuo si (Lakatos,I.),(ying ) ma si ge lei fu (Musgrave,A.) zhu@g周寄中译 |
| 210 | @a北京@c华夏出版社@d1987.10 | |
| 215 | @a383页@d20厘米 | |
| 225 | 2 | @a二十世纪文库@f邓朴方主编 |
| 410 | 0 | @120010@a二十世纪文库 |
| 510 | 1 | @aCriticism and the growth of knowledge@zeng |
| 540 | 1 | @a批判 知识 增长@Api pan zhi shi zeng chang |
| 606 | @a科学哲学@x文集 | |
| 606 | 0 | @a自然科学@x科学方法论 |
| 690 | @aN03@v3 | |
| 701 | 1 | @a拉卡托斯@Ala ka tuo si@bI.@4著 |
| 701 | A1 | @aLakatos@bI.@4著 |
| 701 | 1 | @a马斯格雷夫@Ama si ge lei fu@bA.@4著 |
| 701 | A1 | @aMusgrave@bA.@4著 |
| 702 | 0 | @a周寄中@Azhou ji zhong@4译 |
| 801 | 0 | @aCN@bNLC@c19910411 |
| 905 | @dN03@e66@f1@b216767 | |
| 批判与知识的增长/(英)拉卡托斯(Lakatos,I.),(英)马斯格雷夫(Musgrave,A.)著/周寄中译.-北京:华夏出版社,1987.10 |
| 383页;20厘米.-(二十世纪文库/邓朴方主编) |
| ISBN 7-80053-046-9:CNY3.00 |
| ● |
| 相关链接 |
|
|
|
|
正题名:批判与知识的增长
索取号:N03/66
 
预约/预借
| 序号 | 登录号 | 条形码 | 馆藏地/架位号 | 状态 | 备注 |
| 1 | 0216767 | 001954558 | 第三借阅区/ [索取号:N03/66] | 在馆 | |
| 2 | 0216768 | 000565409 | 第三借阅区/ [索取号:N03/66] | 在馆 | |
| 3 | 0216769 | 000565418 | 第二样本阅览室/ [索取号:N03/66] | 在馆 |